[Event "Pardubice Open A"]
[Site "?"]
[Date "2015.07.31"]
[Round "8.67"]
[White "MONIN, Nikolay"]
[Black "ZANAN, Evgeny"]
[Result "0-1"]
[WhiteElo "2215"]
[BlackElo "2391"]
[PlyCount "74"]
[EventDate "2015.??.??"]

1. Nf3 Nf6 2. c4 g6 3. Nc3 d5 4. cxd5 Nxd5 5. e4 Nb6 6. d4 Bg4 7. Be2 Bg7 8.
Be3 O-O 9. O-O Nc6 10. d5 Bxf3 11. gxf3 Ne5 12. Bd4 c6 13. f4 Ned7 14. Bxg7
Kxg7 15. dxc6 bxc6 16. Qd4+ f6 17. e5 e6 18. Rad1 fxe5 19. fxe5 Nd5 20. Nxd5
cxd5 21. f4 Qb6 22. Qxb6 axb6 23. a3 Kf7 24. Rd4 Ke7 25. Rb4 h6 26. h4 Rac8 27.
Bd3 g5 28. Bb5 gxh4 29. Bxd7 Kxd7 30. Rxb6 Rc2 31. Rf2 Rxf2 32. Kxf2 Rxf4+ 33.
Kg2 Re4 34. b4 Rxe5 35. Rb7+ Kc6 36. Rb8 d4 37. a4 Kc7 0-1

[Event "Pardubice Open A"]
[Site "?"]
[Date "2015.07.31"]
[Round "8.68"]
[White "MUELLER, Ralf"]
[Black "PULPAN, Jakub"]
[Result "1/2-1/2"]
[WhiteElo "2384"]
[BlackElo "2263"]
[PlyCount "44"]
[EventDate "2015.??.??"]

1. d4 Nf6 2. Nf3 e6 3. c4 d5 4. g3 dxc4 5. Qa4+ Bd7 6. Qxc4 Bc6 7. Bg2 Nbd7 8.
O-O Bd5 9. Qc2 Be4 10. Qd1 c5 11. Nc3 Bc6 12. Be3 cxd4 13. Bxd4 Bc5 14. a3 O-O
15. b4 Bxd4 16. Qxd4 Nb6 17. Qf4 Nbd5 18. Nxd5 Nxd5 19. Qd4 a5 20. Ne5 axb4 21.
Nxc6 bxc6 22. axb4 Rb8 1/2-1/2

[Event "Pardubice Open A"]
[Site "?"]
[Date "2015.07.31"]
[Round "8.69"]
[White "SEGER, Ruediger"]
[Black "KALI, Omer"]
[Result "1-0"]
[WhiteElo "2371"]
[BlackElo "2255"]
[PlyCount "91"]
[EventDate "2015.??.??"]

1. e4 e5 2. Nf3 Nc6 3. d4 exd4 4. Nxd4 Nf6 5. Nc3 Bb4 6. Nxc6 bxc6 7. Bd3 O-O
8. O-O Re8 9. Qf3 Rb8 10. Bg5 Bd6 11. Rab1 Be5 12. Bf4 Bxf4 13. Qxf4 d5 14.
exd5 cxd5 15. b4 Be6 16. Qd4 c6 17. Qxa7 Qd6 18. Qd4 Nd7 19. Rfe1 c5 20. bxc5
Qxc5 21. Qxc5 Nxc5 22. Bb5 Rec8 23. a4 Ne4 24. Nxe4 dxe4 25. c4 f5 26. f3 Ra8
27. Rbc1 Rc5 28. fxe4 f4 29. Rf1 Rac8 30. a5 Bxc4 31. Rxc4 Rxc4 32. Bxc4+ Rxc4
33. Ra1 Rxe4 34. a6 Re8 35. a7 Ra8 36. Kf2 Kf7 37. Kf3 Kf6 38. Kxf4 Ke6 39.
Ra6+ Kf7 40. Ke5 Ke7 41. Kd5 Kd7 42. Ra2 h6 43. h4 g6 44. g4 h5 45. g5 Ke7 46.
Ke4 1-0

[Event "Pardubice Open A"]
[Site "?"]
[Date "2015.07.31"]
[Round "8.70"]
[White "PFEFFER, Ruprecht"]
[Black "SCHUH, Dirk"]
[Result "0-1"]
[WhiteElo "2232"]
[BlackElo "2370"]
[PlyCount "108"]
[EventDate "2015.??.??"]

1. e4 Nf6 2. e5 Nd5 3. d4 d6 4. Nf3 dxe5 5. Nxe5 c6 6. c4 Nb4 7. Be3 Bf5 8. Nd3
e5 9. Nxb4 Bxb4+ 10. Nc3 Qa5 11. Qb3 Na6 12. Be2 exd4 13. Bxd4 O-O-O 14. Be3
Rhe8 15. O-O Bc5 16. Bf4 Bd4 17. Nb5 Rxe2 18. Nd6+ Rxd6 19. Bxd6 Rxb2 20. Qd1
Qd2 21. Qf3 Qd3 22. Qf4 Qe4 23. Qg5 Bf6 24. Qh5 Bg6 25. Qh3+ Qe6 26. Qa3 Re2
27. Rad1 Bb2 28. Qa5 Bf6 29. a3 Bc2 30. Rd2 Rxd2 31. Qxd2 Bg6 32. Re1 Qd7 33.
Qf4 Nc7 34. c5 b6 35. Qb4 Kb7 36. a4 Nd5 37. Qa3 Bc3 38. Rc1 Qg4 39. cxb6 axb6
40. h3 Qd4 41. Bg3 Bb4 42. Qf3 Qe4 43. Qb3 Qd3 44. Qb2 f6 45. Qa2 Nc3 46. Qg8
Ne2+ 47. Kh2 Nxg3 48. Qxg7+ Ka6 49. Qc7 Ne4 50. Qc8+ Ka5 51. Qa8+ Qa6 52. Qxc6
Bd6+ 53. Kg1 Qe2 54. Qd5+ Bc5 0-1

[Event "Pardubice Open A"]
[Site "?"]
[Date "2015.07.31"]
[Round "8.71"]
[White "NUN, Jiri"]
[Black "LORSCHEID, Gerhard"]
[Result "1/2-1/2"]
[WhiteElo "2355"]
[BlackElo "2224"]
[PlyCount "34"]
[EventDate "2015.??.??"]

1. e4 d6 2. d4 Nf6 3. Nc3 e5 4. Nf3 Nbd7 5. g3 g6 6. Bg2 Bg7 7. O-O O-O 8. h3
c6 9. a4 Re8 10. dxe5 dxe5 11. Be3 b6 12. Nd2 Ba6 13. Re1 Qe7 14. Kh2 h5 15.
Bf1 Bxf1 16. Rxf1 Nc5 17. Bxc5 Qxc5 1/2-1/2

[Event "Pardubice Open A"]
[Site "?"]
[Date "2015.07.31"]
[Round "8.72"]
[White "GUTENEV, Alexander"]
[Black "DORST, Johannes"]
[Result "1-0"]
[WhiteElo "2349"]
[BlackElo "2207"]
[PlyCount "83"]
[EventDate "2015.??.??"]

1. e4 c5 2. Nf3 d6 3. d4 cxd4 4. Nxd4 Nf6 5. Nc3 a6 6. Be3 e5 7. Nf3 Qc7 8. a4
Be7 9. a5 O-O 10. Bd3 Nc6 11. Bb6 Qd7 12. Nd2 Qg4 13. O-O Qxd1 14. Rfxd1 Nb4
15. Nc4 Be6 16. Ra4 Nxd3 17. Rxd3 Nxe4 18. Nxe4 d5 19. Ne3 dxe4 20. Rxe4 Rac8
21. c4 Bg5 22. b3 f6 23. Rd6 Rc6 24. Rd1 Rf7 25. Rd8+ Rf8 26. Rd1 Rf7 27. g3
Rd7 28. Rxd7 Bxd7 29. f4 exf4 30. gxf4 Bh6 31. Re7 Rd6 32. Bc5 Rd2 33. Nd5 Bh3
34. Rxb7 Rg2+ 35. Kf1 Ra2+ 36. Ke1 Rxa5 37. b4 Ra1+ 38. Kf2 Be6 39. f5 Ra2+ 40.
Kg3 Ra3+ 41. Kg4 g6 42. Nxf6+ 1-0

[Event "Pardubice Open A"]
[Site "?"]
[Date "2015.07.31"]
[Round "8.73"]
[White "KOZUSEK, Daniel"]
[Black "SHILOV, Sergej"]
[Result "1-0"]
[WhiteElo "2346"]
[BlackElo "2201"]
[PlyCount "147"]
[EventDate "2015.??.??"]

1. d4 Nf6 2. c4 g6 3. Nf3 Bg7 4. g3 O-O 5. Bg2 c5 6. O-O cxd4 7. Nxd4 Nc6 8.
Nc3 Nxd4 9. Qxd4 d6 10. Qd3 Qa5 11. Nb5 a6 12. Bd2 Qb6 13. Nc3 Bf5 14. e4 Be6
15. b3 Ng4 16. h3 Ne5 17. Qe2 Qd4 18. Rad1 Rab8 19. Nd5 Bxd5 20. exd5 Qd3 21.
Qxd3 Nxd3 22. Bg5 f6 23. Be3 Nb4 24. Rd2 a5 25. Bb6 Ra8 26. Re1 Kf7 27. c5 f5
28. Rde2 Bf6 29. cxd6 exd6 30. Bc7 Rfe8 31. a3 Nc2 32. Rxe8 Rxe8 33. Rxe8 Kxe8
34. Bxd6 Be7 35. Bc7 Kd7 36. d6 Bxd6 37. Bxa5 Nd4 38. Bd5 Bxa3 39. Bb6 Nc6 40.
Bg8 Ke7 41. h4 h5 42. Bd5 Kd6 43. Bf7 Ne5 44. Be8 Ke7 45. Bb5 Nd7 46. Be3 Bb2
47. Kg2 Ba3 48. Kf3 Bd6 49. Ke2 Nc5 50. Bc4 Ne4 51. Kf3 Bc5 52. Bxc5+ Nxc5 53.
Bd5 Kf6 54. Ke3 g5 55. hxg5+ Kxg5 56. b4 Na6 57. b5 Nc7 58. Bc4 b6 59. Be2 Kf6
60. f4 Kg6 61. Kd4 Kf6 62. Bc4 Ne6+ 63. Kd5 h4 64. gxh4 Nxf4+ 65. Kc6 Ng6 66.
Kxb6 Ne5 67. Bd5 Ke7 68. Kc7 Nd3 69. b6 Nc5 70. Kc6 Na6 71. Bc4 Nb8+ 72. Kc7
Nd7 73. b7 f4 74. Bb5 1-0

[Event "Pardubice Open A"]
[Site "?"]
[Date "2015.07.31"]
[Round "8.74"]
[White "KOTLYAR, Kirill"]
[Black "WOZNIAK, Mariola"]
[Result "1-0"]
[WhiteElo "2330"]
[BlackElo "2199"]
[PlyCount "55"]
[EventDate "2015.??.??"]

1. Nf3 f5 2. d3 Nf6 3. e4 e6 4. e5 Nd5 5. d4 Be7 6. c4 Nb6 7. Nc3 O-O 8. Bd3 d6
9. exd6 cxd6 10. O-O Nc6 11. Re1 Bf6 12. Bf1 Bd7 13. Bf4 Nxd4 14. Nxd4 e5 15.
Nxf5 Bxf5 16. Be3 Rc8 17. Qd2 Be6 18. b3 Rf7 19. Rad1 Rd7 20. Ne4 d5 21. Nc5 d4
22. Nxe6 dxe3 23. Qxe3 Qe7 24. Rxd7 Nxd7 25. Nf4 Qa3 26. Nd5 Qxa2 27. Qh3 Rd8
28. Rd1 1-0

[Event "Pardubice Open A"]
[Site "?"]
[Date "2015.07.31"]
[Round "8.75"]
[White "MANIGK, Sebastian"]
[Black "PARAMZINA, Anastasya"]
[Result "1/2-1/2"]
[WhiteElo "2214"]
[BlackElo "2328"]
[PlyCount "32"]
[EventDate "2015.??.??"]

1. d4 d5 2. c4 e6 3. Nf3 Nf6 4. g3 dxc4 5. Bg2 Nc6 6. Qa4 Bb4+ 7. Bd2 Nd5 8.
Bxb4 Ndxb4 9. O-O Rb8 10. Na3 a6 11. Ne5 O-O 12. Nxc6 Nxc6 13. Qxc4 Qxd4 14.
Bxc6 Qxc4 15. Nxc4 bxc6 16. b3 f6 1/2-1/2

[Event "Pardubice Open A"]
[Site "?"]
[Date "2015.07.31"]
[Round "8.76"]
[White "GOKERKAN, Cem Kaan"]
[Black "MICHENKA, Jozef"]
[Result "1/2-1/2"]
[WhiteElo "2205"]
[BlackElo "2323"]
[PlyCount "108"]
[EventDate "2015.??.??"]

1. e4 c5 2. c3 Nf6 3. e5 Nd5 4. d4 cxd4 5. Qxd4 e6 6. Nf3 Nc6 7. Qe4 f5 8. Qe2
b6 9. g3 Be7 10. Bg2 O-O 11. O-O Qe8 12. Bg5 Qh5 13. Bxe7 Ndxe7 14. Na3 Bb7 15.
Nd4 Qxe2 16. Nxe2 Rad8 17. Rfe1 Ba6 18. Nd4 Nxd4 19. cxd4 Rc8 20. f4 Rc7 21.
Rac1 Rfc8 22. Rxc7 Rxc7 23. Kf2 Kf7 24. Ke3 h6 25. h4 Rc8 26. Kd2 Nc6 27. Nc2
Na5 28. b3 Bb7 29. Bxb7 Nxb7 30. Re3 d5 31. Rc3 Rxc3 32. Kxc3 Kg6 33. Ne3 Kh5
34. Kd3 g5 35. hxg5 hxg5 36. g4+ fxg4 37. f5 exf5 38. Nxf5 Nd8 39. Ke2 g3 40.
Kf3 g2 41. Kxg2 Kg4 42. Ne3+ Kf4 43. Nxd5+ Ke4 44. Nc7 Kxd4 45. e6 Nc6 46. Nb5+
Ke5 47. Nxa7 Ne7 48. a4 Kxe6 49. b4 Kd5 50. Kg3 Kc4 51. a5 b5 52. a6 Kxb4 53.
Nxb5 Nc6 54. Nd4 Na7 1/2-1/2

[Event "Pardubice Open A"]
[Site "?"]
[Date "2015.07.31"]
[Round "8.77"]
[White "UTIATSKAJA, Irina"]
[Black "MISHUCHKOV, Nikolai M"]
[Result "1/2-1/2"]
[WhiteElo "2200"]
[BlackElo "2320"]
[PlyCount "44"]
[EventDate "2015.??.??"]

1. e4 c5 2. Nf3 e6 3. d4 cxd4 4. Nxd4 Nc6 5. Nb5 d6 6. c4 a6 7. N5c3 Nf6 8. Be2
Be7 9. O-O O-O 10. Be3 b6 11. Na3 Bb7 12. Qb3 Nd7 13. Rac1 Nce5 14. Rfd1 Bc6
15. f3 Ng6 16. Bf1 Qb8 17. Kh1 Rd8 18. Qc2 Nf6 19. Qf2 Rd7 20. Nc2 Rb7 21. a4
Be8 22. Nd4 Ne5 1/2-1/2

[Event "Pardubice Open A"]
[Site "?"]
[Date "2015.07.31"]
[Round "8.78"]
[White "SABOL, Marian"]
[Black "HOLTEL, Jasper"]
[Result "1-0"]
[WhiteElo "2312"]
[BlackElo "2177"]
[PlyCount "79"]
[EventDate "2015.??.??"]

1. d4 Nf6 2. Bg5 g6 3. Bxf6 exf6 4. c4 Bg7 5. Nc3 f5 6. e3 O-O 7. g3 d6 8. Bg2
Nd7 9. Nge2 Nf6 10. O-O Re8 11. Qc2 c6 12. b4 Qe7 13. b5 Ne4 14. bxc6 bxc6 15.
Rab1 h5 16. Qa4 Bd7 17. Rb7 a5 18. Nxe4 fxe4 19. Bxe4 Qxe4 20. Rxd7 Qf3 21. Nf4
g5 22. Ng2 c5 23. dxc5 dxc5 24. Rd5 Bf6 25. Qc6 Bg7 26. h4 Rac8 27. Qa4 Re4 28.
Rxg5 Rg4 29. Rxg4 hxg4 30. Qxa5 Qe2 31. Qa4 Rd8 32. Nf4 Qf3 33. Qc2 Be5 34. Qf5
Bg7 35. Qg5 Rd1 36. Nh5 Rxf1+ 37. Kxf1 Qd1+ 38. Kg2 Qf3+ 39. Kg1 Qd1+ 40. Kh2
1-0

[Event "Pardubice Open A"]
[Site "?"]
[Date "2015.07.31"]
[Round "8.79"]
[White "BREMNER, Adam"]
[Black "JANZELJ, Tim"]
[Result "0-1"]
[WhiteElo "2189"]
[BlackElo "2312"]
[PlyCount "86"]
[EventDate "2015.??.??"]

1. d4 Nf6 2. Nf3 g6 3. c4 Bg7 4. Nc3 O-O 5. e4 d6 6. Be2 e5 7. O-O Nc6 8. d5
Ne7 9. Kh1 Nd7 10. g4 a5 11. Rg1 Kh8 12. Be3 Nc5 13. Ne1 f5 14. f3 Ng8 15. Nd3
Nxd3 16. Qxd3 Bh6 17. Rg2 fxg4 18. fxg4 Bf4 19. Bxf4 Rxf4 20. Rf1 Rxf1+ 21.
Bxf1 Bd7 22. g5 Qe7 23. Qe3 Rf8 24. Kg1 Rf4 25. Ne2 Rh4 26. Rg3 b6 27. Bg2 Kg7
28. b3 h6 29. gxh6+ Nxh6 30. Bf3 Qf6 31. Nc3 Rf4 32. Nb5 Bxb5 33. cxb5 Qh4 34.
Kg2 Ng8 35. Qc1 Rf7 36. Qe1 Qh6 37. Qe2 Nf6 38. Bg4 Kf8 39. Be6 Nh5 40. Qg4
Qd2+ 41. Kh3 Nf4+ 42. Kh4 Rh7+ 43. Kg5 Nxd5+ 0-1

[Event "Pardubice Open A"]
[Site "?"]
[Date "2015.07.31"]
[Round "8.80"]
[White "KOCHETKOVA, Julia"]
[Black "CHOVAN, Milan"]
[Result "1-0"]
[WhiteElo "2309"]
[BlackElo "2172"]
[PlyCount "79"]
[EventDate "2015.??.??"]

1. e4 c5 2. Nc3 d6 3. f4 g6 4. Nf3 Bg7 5. Bb5+ Bd7 6. Bxd7+ Qxd7 7. d3 Nc6 8.
O-O e6 9. Be3 Nge7 10. d4 cxd4 11. Nxd4 O-O 12. Qd2 Rfd8 13. Rad1 d5 14. e5
Nxd4 15. Bxd4 Rdc8 16. Bf2 Qc6 17. Qe2 a6 18. a4 Bf8 19. Rd2 Rab8 20. Qf3 Nf5
21. g4 Ng7 22. Kg2 Bb4 23. Bd4 Bxc3 24. Bxc3 Qxa4 25. b3 Qc6 26. Bd4 b5 27. Qg3
Qd7 28. Rdf2 Rb7 29. f5 Rbc7 30. f6 Ne8 31. c3 b4 32. cxb4 Rc2 33. Qd3 Rxf2+
34. Rxf2 Qb7 35. Rc2 Rxc2+ 36. Qxc2 Qxb4 37. Qc6 Qd2+ 38. Bf2 Kf8 39. Qc5+ Kg8
40. Qe7 1-0

[Event "Pardubice Open A"]
[Site "?"]
[Date "2015.07.31"]
[Round "8.81"]
[White "TOKRANOVS, Dmitrijs"]
[Black "TYMRAKIEWICZ, Rafal"]
[Result "0-1"]
[WhiteElo "2172"]
[BlackElo "2306"]
[PlyCount "132"]
[EventDate "2015.??.??"]

1. e4 c6 2. d4 d5 3. exd5 cxd5 4. c4 Nf6 5. Nc3 g6 6. Nf3 Bg7 7. Bg5 Ne4 8. Be3
Nxc3 9. bxc3 O-O 10. cxd5 Qxd5 11. Be2 Nc6 12. O-O Rd8 13. Qb3 Na5 14. Qxd5
Rxd5 15. c4 Rd8 16. Rad1 b6 17. c5 Be6 18. Bg5 Kf8 19. cxb6 axb6 20. Rb1 Nc4
21. Rfe1 f6 22. Bf4 Rxa2 23. Bxc4 Bxc4 24. Rxb6 Bd5 25. Nd2 g5 26. Be3 Rc8 27.
Nf1 Kf7 28. Ng3 e6 29. Rd6 Rc7 30. h4 h6 31. Rd8 Kg6 32. h5+ Kf7 33. Rb1 Ra8
34. Rxa8 Bxa8 35. Rc1 Rd7 36. Ne2 f5 37. f4 Bf6 38. Kf2 Be4 39. Rc3 Rb7 40. Ra3
Be7 41. Ra2 Bd5 42. Rc2 Be4 43. Ra2 Rc7 44. Rd2 Kf6 45. Rb2 Bd5 46. Bd2 Ba3 47.
Ba5 Rc8 48. Rd2 Bd6 49. Rb2 Ra8 50. Bd2 Ra1 51. Bc3 Rh1 52. Ba5 Rh2 53. Bd8+
Kf7 54. Rb6 Bxf4 55. Nxf4 gxf4 56. Kf1 Rxg2 57. Bh4 Rh2 58. Bf2 Rxh5 59. Rb8
Rh1+ 60. Bg1 f3 61. Rb2 Bc4+ 62. Kf2 Be2 63. Rb7+ Kf6 64. Rb6 Ke7 65. Rb1 Kd6
66. Rc1 h5 0-1

[Event "Pardubice Open A"]
[Site "?"]
[Date "2015.07.31"]
[Round "8.82"]
[White "KOTYK, Vaclav"]
[Black "MANN, Johannes"]
[Result "1/2-1/2"]
[WhiteElo "2147"]
[BlackElo "2295"]
[PlyCount "68"]
[EventDate "2015.??.??"]

1. d4 Nf6 2. c4 e6 3. Nf3 b6 4. g3 Bb7 5. Bg2 Bb4+ 6. Bd2 Bxd2+ 7. Nbxd2 c5 8.
Nb3 Qe7 9. O-O O-O 10. dxc5 bxc5 11. Na5 Be4 12. Qd2 Nc6 13. Rfd1 Rab8 14. Nxc6
Bxc6 15. b3 Rfd8 16. Qd6 Qxd6 17. Rxd6 Ne4 18. Rd3 f6 19. Rad1 Rbc8 20. Nd2
Nxd2 21. R1xd2 Bxg2 22. Kxg2 Rc7 23. Rd6 Kf7 24. e4 Ke7 25. Kf3 Rb8 26. Ke3 Rb4
27. f4 a5 28. R6d3 a4 29. a3 Rxb3 30. Rxb3 axb3 31. Rb2 Rb7 32. Kd3 d5 33. exd5
exd5 34. cxd5 Kd6 1/2-1/2

[Event "Pardubice Open A"]
[Site "Pardubice (CZE)"]
[Date "2015.07.31"]
[Round "8.83"]
[White "MITUROVA, Magdalena"]
[Black "BEKHOVSKIY, Mikhail"]
[Result "1/2-1/2"]
[WhiteElo "2149"]
[BlackElo "2286"]
[PlyCount "52"]
[EventDate "2015.07.24"]

1. e4 e5 2. Nf3 Nc6 3. Nc3 Nf6 4. d4 exd4 5. Nxd4 Bb4 6. Nxc6 bxc6 7. Bd3 d5 8.
exd5 cxd5 9. O-O O-O 10. Bg5 c6 11. Qf3 Rb8 12. Ne2 Bg4 13. Qg3 Bxe2 14. Bxe2
Ne4 15. Bxd8 Nxg3 16. hxg3 Rfxd8 17. Rad1 a5 18. a4 g6 19. Bf3 Rbc8 20. Rd3 Be7
21. Rfd1 Bf6 22. b3 d4 23. Be2 Kg7 24. Re1 h5 25. Rdd1 Rh8 26. Ba6 Rce8 1/2-1/2

[Event "Pardubice Open A"]
[Site "Pardubice (CZE)"]
[Date "2015.07.31"]
[Round "8.84"]
[White "SEVERINA, Maria"]
[Black "PLESEK, Jiri"]
[Result "1-0"]
[WhiteElo "2276"]
[BlackElo "2158"]
[PlyCount "77"]
[EventDate "2015.07.24"]

1. d4 f5 2. g3 Nf6 3. Bg2 e6 4. Nh3 c6 5. O-O Be7 6. b3 O-O 7. c4 d6 8. Bb2 Qe8
9. Nd2 Qh5 10. e4 Qxd1 11. Raxd1 fxe4 12. Nxe4 Nxe4 13. Bxe4 e5 14. Bg2 e4 15.
d5 Na6 16. Nf4 g5 17. Ne6 Bxe6 18. dxe6 Nc5 19. Ba3 e3 20. fxe3 Rxf1+ 21. Bxf1
Rd8 22. Bh3 Bf6 23. Bf5 h6 24. e4 b6 25. Kg2 Kf8 26. b4 Nb7 27. Bc1 Ke7 28. Kf3
a5 29. a3 Ra8 30. h4 axb4 31. hxg5 hxg5 32. axb4 c5 33. Rh1 Rh8 34. Rxh8 Bxh8
35. Bxg5+ Bf6 36. Bxf6+ Kxf6 37. bxc5 dxc5 38. e5+ Ke7 39. Be4 1-0

[Event "Pardubice Open A"]
[Site "Pardubice (CZE)"]
[Date "2015.07.31"]
[Round "8.85"]
[White "ZHYLKAIDAROVA, Sholpan"]
[Black "GRIGORIAN, Spartak"]
[Result "1/2-1/2"]
[WhiteElo "2145"]
[BlackElo "2351"]
[PlyCount "168"]
[EventDate "2015.07.24"]

1. d4 Nf6 2. c4 e6 3. Nc3 Bb4 4. e3 O-O 5. Bd3 c5 6. Nge2 cxd4 7. exd4 d5 8.
cxd5 Nxd5 9. O-O Nc6 10. Nxd5 exd5 11. Nf4 Ne7 12. Qf3 Qd7 13. Be3 Rd8 14. a3
Ba5 15. Rac1 Qg4 16. Be2 Qxf3 17. Bxf3 Bf5 18. Rfd1 Bb6 19. Nd3 Be4 20. Bxe4
dxe4 21. Nc5 f5 22. Nxb7 Rd5 23. b4 h6 24. h4 a5 25. Rc4 axb4 26. axb4 Ra4 27.
Rb1 Kf7 28. g3 Kf6 29. h5 f4 30. gxf4 Kf5 31. Kg2 Ra2 32. Kg3 Ra3 33. Kg2 g6
34. hxg6 Nxg6 35. Rc6 Bxd4 36. Nd6+ Kg4 37. Nc4 Nh4+ 38. Kf1 Ra2 39. Rd1 Nf5
40. Bxd4 Rxd4 41. Rxd4 Nxd4 42. Rxh6 Ra1+ 43. Kg2 Nf3 44. Ne3+ Kxf4 45. Rf6+
Kg5 46. Rf5+ Kg6 47. Kg3 Nd4 48. Re5 Ne2+ 49. Kh2 Nc3 50. Rc5 Ne2 51. Rc4 Rb1
52. Rxe4 Kg5 53. Nd5 Rb2 54. Kg2 Kf5 55. Re8 Nd4 56. Ne3+ Kg5 57. Rb8 Kf4 58.
Nc4 Rc2 59. Nd6 Ke5 60. Nf7+ Ke6 61. Rb7 Rb2 62. Kg3 Nf5+ 63. Kf3 Rb1 64. Nd8+
Ke5 65. Rb5+ Kf6 66. Rb6+ Ke5 67. Nf7+ Kd5 68. Rb5+ Ke6 69. Ng5+ Kf6 70. Ne4+
Ke6 71. Kf4 Nd4 72. Rb7 Kd5 73. b5 Rb4 74. Nc3+ Kc4 75. Rc7+ Kd3 76. Kg3 Rb3
77. f4 Rxc3 78. Rxc3+ Kxc3 79. b6 Kc4 80. b7 Nc6 81. Kg4 Kd5 82. f5 Kd6 83. f6
Kc7 84. Kh5 Nd8 1/2-1/2

[Event "Pardubice Open A"]
[Site "Pardubice (CZE)"]
[Date "2015.07.31"]
[Round "8.86"]
[White "DRORI, Saar"]
[Black "SPALIR, Jernej"]
[Result "1/2-1/2"]
[WhiteElo "2203"]
[BlackElo "2346"]
[PlyCount "61"]
[EventDate "2015.07.24"]

1. e4 c5 2. Nf3 e6 3. d4 cxd4 4. Nxd4 a6 5. c4 Nf6 6. Nc3 Bb4 7. Qf3 Qc7 8. Nc2
Be7 9. Be2 Nc6 10. O-O d6 11. Qg3 O-O 12. Bh6 Ne8 13. Be3 Ne5 14. b3 b5 15.
Rac1 bxc4 16. bxc4 Nxc4 17. Bxc4 Qxc4 18. Nd4 Bf6 19. Nd5 Qd3 20. Rfd1 Qxe4 21.
Nb6 Bb7 22. Nxa8 Bxa8 23. Qf3 Bd5 24. Rd2 Bd8 25. Rc8 Nf6 26. Rb2 Nd7 27. Bf4
e5 28. Be3 Ba5 29. Rxf8+ Kxf8 30. Bd2 Bd8 31. Bb4 1/2-1/2

[Event "Pardubice Open A"]
[Site "Pardubice (CZE)"]
[Date "2015.07.31"]
[Round "8.87"]
[White "GERGEL, Vladimir P"]
[Black "RJABZEV, Konstantin"]
[Result "1/2-1/2"]
[WhiteElo "2202"]
[BlackElo "2314"]
[PlyCount "99"]
[EventDate "2015.07.24"]

1. Nf3 d6 2. g3 e5 3. Bg2 Nc6 4. e4 f5 5. exf5 Bxf5 6. d4 Nf6 7. c3 exd4 8.
Nxd4 Qe7+ 9. Be3 Be4 10. Nxc6 bxc6 11. O-O Bxg2 12. Kxg2 Qe4+ 13. f3 Qd5 14.
Qa4 Qb5 15. Qc2 Be7 16. c4 Qa6 17. Nd2 O-O 18. Rae1 Rae8 19. b3 d5 20. Bf2 Bb4
21. Rxe8 Rxe8 22. Re1 Rxe1 23. Bxe1 Qa5 24. Kf1 Kf7 25. g4 g6 26. h4 h5 27. g5
Ne8 28. Ke2 Nd6 29. a3 Bxd2 30. Bxd2 Qc5 31. Bb4 Qg1 32. Bxd6 Qg2+ 33. Kd1
Qxf3+ 34. Kc1 cxd6 35. cxd5 Qxd5 36. Qf2+ Ke8 37. Qxa7 Qxb3 38. a4 d5 39. a5
Qc3+ 40. Kb1 Qb4+ 41. Ka2 Kd8 42. Qa8+ Kc7 43. Qa7+ Qb7 44. Qc5 Kb8 45. Qd6+
Qc7 46. Qxg6 Qxa5+ 47. Kb3 Qb5+ 48. Ka3 Qa5+ 49. Kb3 Qb5+ 50. Ka3 1/2-1/2

[Event "Pardubice Open A"]
[Site "Pardubice (CZE)"]
[Date "2015.07.31"]
[Round "8.88"]
[White "BARAEVA, Marina"]
[Black "ALEXIADIS, Hristos"]
[Result "1-0"]
[WhiteElo "2182"]
[BlackElo "2296"]
[PlyCount "113"]
[EventDate "2015.07.24"]

1. d4 Nf6 2. c4 e6 3. Nc3 Bb4 4. Qc2 d5 5. a3 Be7 6. Nf3 O-O 7. Bg5 Nbd7 8. e3
Re8 9. Bd3 dxc4 10. Bxc4 c5 11. O-O cxd4 12. Nxd4 Ne5 13. Ba2 h6 14. Bf4 Ng6
15. Bg3 Bc5 16. Ndb5 Re7 17. Na4 Qa5 18. Nc7 Rxc7 19. Bxc7 Qxc7 20. Qxc5 Qd7
21. Nc3 b6 22. Qd4 Qxd4 23. exd4 Bb7 24. Rfd1 Nf4 25. f3 Rd8 26. Kf2 Kf8 27.
Rac1 N4d5 28. Nxd5 Bxd5 29. Bb1 Rd7 30. Rc8+ Ke7 31. Rdc1 Kd6 32. Bd3 Bb7 33.
Rb8 Bc6 34. Ba6 Nd5 35. Rg8 f6 36. b4 Nc7 37. Bd3 f5 38. h4 Nd5 39. Bc4 Nf6 40.
Rh8 Re7 41. Rc8 Bb7 42. Rd8+ Kc7 43. Rf8 Kd6 44. Bb5 Nd7 45. Rd8 a6 46. Rxd7+
Rxd7 47. Bxd7 Kxd7 48. h5 Bd5 49. Ke3 Bb7 50. Rg1 Ke7 51. Kf4 Bd5 52. Ke5 Bb7
53. Rc1 Kd7 54. Rh1 Ke7 55. Rh3 Bd5 56. Rg3 Kf7 57. Kd6 1-0

[Event "Pardubice Open A"]
[Site "Pardubice (CZE)"]
[Date "2015.07.31"]
[Round "8.89"]
[White "LEHMANN, Holger"]
[Black "SOYSAL, Serkan"]
[Result "1/2-1/2"]
[WhiteElo "2180"]
[BlackElo "2293"]
[PlyCount "73"]
[EventDate "2015.07.24"]

1. e4 e5 2. Nf3 Nc6 3. Bc4 Bc5 4. c3 Nf6 5. d4 exd4 6. e5 d5 7. Be2 Ne4 8. cxd4
Bb4+ 9. Nbd2 O-O 10. O-O Bg4 11. Nb3 f6 12. a3 Be7 13. exf6 Rxf6 14. Ne5 Bxe2
15. Qxe2 Nxe5 16. dxe5 Rf8 17. f3 Nc5 18. Nd4 Qd7 19. Be3 Ne6 20. Rac1 c6 21.
f4 Bc5 22. Nxe6 Bxe3+ 23. Qxe3 Qxe6 24. b4 a5 25. Qb6 axb4 26. Qxb4 Rf7 27. a4
Qe7 28. Qd4 Qe6 29. Rc3 Raf8 30. a5 g5 31. Rg3 h6 32. h4 Rg7 33. hxg5 hxg5 34.
Rxg5 Rxg5 35. fxg5 Rxf1+ 36. Kxf1 Qf5+ 37. Kg1 1/2-1/2

[Event "Pardubice Open A"]
[Site "Pardubice (CZE)"]
[Date "2015.07.31"]
[Round "8.90"]
[White "BERNOTAS, Arturs"]
[Black "KOLOLLI, Kevin"]
[Result "0-1"]
[WhiteElo "2292"]
[BlackElo "2203"]
[PlyCount "118"]
[EventDate "2015.07.24"]

1. e4 c5 2. Nf3 d6 3. Bb5+ Bd7 4. Bxd7+ Qxd7 5. O-O Nc6 6. c3 Nf6 7. d4 Nxe4 8.
d5 Ne5 9. Nxe5 dxe5 10. Re1 Nf6 11. c4 O-O-O 12. Nc3 e6 13. Bg5 h6 14. Bh4 Be7
15. Rxe5 Nxd5 16. cxd5 Bxh4 17. Qg4 Qd6 18. Ree1 Bf6 19. dxe6 fxe6 20. Ne4 Qd4
21. Rad1 Qxb2 22. Qxe6+ Kb8 23. Nxc5 Rxd1 24. Rxd1 Ka8 25. Qd7 a6 26. Ne6 Qxa2
27. g3 Qc2 28. Rd2 Qc4 29. Rd6 Ka7 30. Rd1 Rc8 31. Rb1 Qc6 32. Qf7 Qe4 33. Rd1
Qf3 34. Qd7 Rc2 35. Rf1 Qc3 36. Qd1 Ra2 37. Nf4 Ra1 38. Qe2 Rxf1+ 39. Kxf1 Qb2
40. Qe4 a5 41. Nd3 Qd4 42. Qe2 Qc4 43. Qd2 Bc3 44. Qc2 a4 45. Kg1 Qb3 46. Qe2
Qc4 47. Qc2 b5 48. Qe2 Bf6 49. Qd2 Qc3 50. Qe3+ Qd4 51. Qd2 Kb6 52. Qe2 Ka5 53.
Nf4 a3 54. Qe8 Ka4 55. Qa8+ Kb3 56. Qf3+ Qc3 57. Qd5+ Qc4 58. Qd1+ Ka2 59. Nd3
Bb2 0-1

[Event "Pardubice Open A"]
[Site "?"]
[Date "2015.08.01"]
[Round "9.1"]
[White "VOROBIOV, Evgeny E"]
[Black "LAZNICKA, Viktor"]
[Result "1/2-1/2"]
[WhiteElo "2582"]
[BlackElo "2657"]
[PlyCount "29"]
[EventDate "2015.??.??"]
[WhiteClock "0:57:06"]
[BlackClock "1:30:37"]

1. d4 d5 2. c4 dxc4 3. Nf3 Nf6 4. e3 e6 5. Bxc4 c5 6. O-O a6 7. Bb3 cxd4 8.
exd4 Be7 9. Nc3 Nc6 10. Bg5 O-O 11. Qd2 Na5 12. Bc2 b5 13. Qf4 Bb7 14. Rad1 g6
15. Bh6 1/2-1/2

[Event "Pardubice Open A"]
[Site "?"]
[Date "2015.08.01"]
[Round "9.2"]
[White "MOVSESIAN, Sergei"]
[Black "KONONENKO, Dmitry"]
[Result "1/2-1/2"]
[WhiteElo "2653"]
[BlackElo "2617"]
[PlyCount "31"]
[EventDate "2015.??.??"]
[WhiteClock "1:15:39"]
[BlackClock "0:49:08"]

1. e4 c5 2. Nf3 Nc6 3. d4 cxd4 4. Nxd4 Nf6 5. Nc3 d6 6. f3 e5 7. Nb3 Be7 8. Be3
O-O 9. Qd2 a5 10. Bb5 Na7 11. Bd3 Be6 12. O-O Nc8 13. Rad1 a4 14. Nc1 Nb6 15.
Qf2 Nfd7 16. a3 1/2-1/2

[Event "Pardubice Open A"]
[Site "?"]
[Date "2015.08.01"]
[Round "9.3"]
[White "CVEK, Robert"]
[Black "JAKUBOWSKI, Krzysztof"]
[Result "1-0"]
[WhiteElo "2517"]
[BlackElo "2565"]
[PlyCount "33"]
[EventDate "2015.??.??"]
[WhiteClock "0:19:21"]
[BlackClock "0:36:35"]

1. d4 f5 2. Nc3 Nf6 3. Bg5 d5 4. f3 c5 5. e4 dxe4 6. dxc5 Nbd7 7. fxe4 Nxe4 8.
Nxe4 fxe4 9. Ne2 Qa5+ 10. Nc3 Nxc5 11. Be3 Nd7 12. Qd5 Qxd5 13. Nxd5 Kd8 14.
O-O-O g6 15. Bb5 Bg7 16. Bg5 Re8 17. Nf4 1-0